|
|
|
|
| LEADER |
00000nam a2200000Ii 4500 |
| 001 |
DIGEDUNAV0175 |
| 003 |
NyNyDIG |
| 006 |
m o d |
| 007 |
cr ||||||||||| |
| 008 |
220611s2013 sp o 000 0 spa d |
| 035 |
|
|
|a (OCoLC)1054019033
|
| 040 |
|
|
|a DGITA
|b eng
|e rda
|e pn
|c DGITA
|
| 020 |
|
|
|z 9788431329099
|
| 050 |
1 |
4 |
|a BR41 ebook
|
| 082 |
0 |
4 |
|a 248
|
| 245 |
0 |
0 |
|a 50 preguntas sobre la fe /
|c Jorge Miras y Tomás Trigo (eds.)
|
| 246 |
3 |
|
|a Cincuenta preguntas sobre la fe
|
| 264 |
|
1 |
|a Pamplona, España :
|b EUNSA, Ediciones Universidad de Navarra,
|c [2013]
|
| 300 |
|
|
|a 1 online resource.
|
| 336 |
|
|
|a text
|b txt
|2 rdacontent
|
| 337 |
|
|
|a computer
|b c
|2 rdamedia
|
| 338 |
|
|
|a online resource
|b cr
|2 rdacarrier
|
| 347 |
|
|
|a text file
|2 rdaft
|
| 347 |
|
|
|b PDF
|
| 490 |
1 |
|
|a Colección Persona y cultura ;
|v no. 19
|
| 588 |
0 |
|
|a Online resource; title from PDF title page (Digitalia, viewed June 11, 2022)
|
| 610 |
2 |
0 |
|a Catholic Church
|x Doctrines.
|
| 650 |
|
0 |
|a Faith
|x Religious aspects.
|
| 655 |
|
0 |
|a Electronic books.
|
| 700 |
1 |
|
|a Miras, Jorge,
|e editor.
|
| 700 |
1 |
|
|a Trigo, Tomás,
|e editor.
|
| 791 |
2 |
|
|a Digitalia (Firm),
|e distributor.
|
| 793 |
0 |
|
|g Digitalia eBook Collection:
|a Ediciones Universidad de Navarra
|
| 776 |
0 |
8 |
|i Print version:
|t 50 preguntas sobre la fe.
|b Primera edición.
|d Pamplona, España : EUNSA, Ediciones Universidad de Navarra, [2013]
|z 9788431329099
|
| 830 |
|
0 |
|a Colección Persona y cultura ;
|v 19.
|
| 856 |
4 |
0 |
|3 Digitalia Hispánica
|u https://www.digitaliapublishing.com/a/51526/
|
| 910 |
|
|
|a Premium collection: 2022
|